000 01478namaa22002651 4500
001 173864
003 ES-MaACL
005 20250824090224.0
007 t|
008 100127s1858 sp |r |||| | spa d
040 _aSpMaBN
_bspa
_cA2
_dSpMaBN
_erdc
080 _a78.089.1
100 0 _aCamprodón, Francisco.
_934301
245 1 0 _aPor conquista
_b: zarzuela en un acto y en verso /
_carreglada a la escena española por Don Francisco Camprodón ; música del maestro Don Francisco Asenjo Barbieri.
260 _aMadrid :
_b[s.n.],
_c1858 (
_fImp. de José Rodríguez)
300 _a42 p., [1] h. ;
_c20 cm.
490 1 _aEl teatro : colección de obras dramáticas y líricas
500 _aDed.: "Al Exmo. Sr. D. Juan Zabala, conde de Paredes de Nava, teniente general de los Ejércitos Nacionales, etc., etc..., F. Camprodón"
500 _aEn las páginas 2-4 de la cubierta: "Catálogo de las obras dramáticas y líricas de la galería El teatro; Zarzuelas; puntos de venta y comisionados principales: provincias, Madrid"
500 _aSolo la letra.
700 1 _aBarbieri, Francisco A.,
_d1823-1894
_925463
830 0 3 _aEl teatro: colección de obras dramática y líricas
_9221753
852 _aES-MaACL
_jF-8623(2)
_z.- Enc. pasta española
_q.- Falto de la cub. original
_z.- Enc. en un vol. facticio formando parte de la col. facticia "Teatro español moderno", vol. 78
_z.-- Firma ms. de Gustavo Saenz Diez, 1877
999 _c173864
_d173864